Microeconomics theory and applications / (Record no. 1706)

000 -LEADER
fixed length control field nam a22 a 4500
003 - CONTROL NUMBER IDENTIFIER
control field AKMAL
005 - DATE AND TIME OF LATEST TRANSACTION
control field 20170511142740.0
008 - FIXED-LENGTH DATA ELEMENTS--GENERAL INFORMATION
fixed length control field 170511t1983 xxu 00 eng d
020 ## - INTERNATIONAL STANDARD BOOK NUMBER
International Standard Book Number 0316112232
040 ## - CATALOGING SOURCE
Original cataloging agency AKMAL
082 04 - DEWEY DECIMAL CLASSIFICATION NUMBER
Classification number 338.5 BRO
090 00 - LOCALLY ASSIGNED LC-TYPE CALL NUMBER (OCLC); LOCAL CALL NUMBER (RLIN)
Classification number (OCLC) (R) ; Classification number, CALL (RLIN) (NR) 338.5
Local cutter number (OCLC) ; Book number/undivided call number, CALL (RLIN) BRO
100 1# - MAIN ENTRY--PERSONAL NAME
Personal name Browning, Edgar K.
9 (RLIN) 3519
245 10 - TITLE STATEMENT
Title Microeconomics theory and applications /
Statement of responsibility, etc. Edgar K.Browning and Jacquelene M.Browning
260 ## - PUBLICATION, DISTRIBUTION, ETC.
Place of publication, distribution, etc. Boston,USA :
Name of publisher, distributor, etc. Little Brown,
Date of publication, distribution, etc. 1983
300 00 - PHYSICAL DESCRIPTION
Extent xix, 583p. :
Other physical details ill. ;
Dimensions 24cm
500 ## - GENERAL NOTE
General note Includes index
650 #0 - SUBJECT ADDED ENTRY--TOPICAL TERM
Topical term or geographic name entry element Microeconomics
9 (RLIN) 3267
700 1# - ADDED ENTRY--PERSONAL NAME
Personal name Browning, Jacquelene M.
9 (RLIN) 3520
942 ## - ADDED ENTRY ELEMENTS (KOHA)
Source of classification or shelving scheme
Koha item type Book
Holdings
Withdrawn status Lost status Source of classification or shelving scheme Damaged status Not for loan Collection code Home library Current library Shelving location Date acquired Inventory number Total Checkouts Full call number Barcode Date last seen Price effective from Koha item type
          NON-FICTION AKMAL Melaka AKMAL Melaka PINJAMAN 11.05.2017 300104   338.5 BRO 201705671 11.05.2017 11.05.2017 Book
Pusat Sumber Maklumat Dato' Haji Sarmin Md Hussin, Akademi Kastam Diraja Malaysia, Melaka
Tel: 06-2331106 | Faks: 06-2313787